Statistics for Capitals of Africa With Map

Click here to take the quiz!

General Stats

  • This quiz has been taken 13 times
  • The average score is 38 of 56

Answers on the Map

Answers color-coded by a green-red scale on the quiz's map according to % correct below.
 

Answer Stats

Answer% Correct
Addis Ababa
100%
Algiers
100%
Cairo
100%
Cape Town
100%
Antananarivo
92%
Tunis
92%
Abuja
83%
Bissau
83%
Brazzaville
83%
Djibouti
83%
Harare
83%
Kampala
83%
Tripoli
83%
Bangui
75%
Dakar
75%
Gaborone
75%
Juba
75%
Khartoum
75%
Nairobi
75%
Niamey
75%
São Tomé
75%
Accra
67%
Asmara
67%
Bamako
67%
Bloemfontein
67%
Conakry
67%
Freetown
67%
Kigali
67%
Luanda
67%
Mogadishu
67%
Monrovia
67%
Ndjamena
67%
Port Louis
67%
Rabat
67%
Victoria
67%
Windhoek
67%
Dodoma
58%
Lilongwe
58%
Maputo
58%
Ouagadougou
58%
Praia
58%
Pretoria
58%
Yaounde
58%
Banjul
50%
Gitega
50%
Kinshasa
50%
Libreville
50%
Lomé
50%
Lusaka
50%
Maseru
50%
Moroni
50%
Porto Novo
50%
Yamoussoukro
50%
Nouakchott
42%
Malabo
33%
Mbabane
25%

Score Distribution

Percentile by Number Answered

Percent of People with Each Score

Your Score History

You have not taken this quiz